000
00349nam a2200157Ia 4500
008
210210b1949 xxu||||| |||| 00| 0 eng d
041
_a
eng
082
_a
828/459
100
_a
NEHRU (Jawaharlal)
245
_a
Mahatma Gandhi
260
_a
Calcutta
_b
-
_c
1949
650
_a
Mahatma
650
_a
Gandhi
690
_a
Biography
906
_a
016303
999
_c
135772
_d
135772